| 000 | 00429nam a22001697a 4500 | ||
|---|---|---|---|
| 005 | 20260218092645.0 | ||
| 008 | 260218b |||||||| |||| 00| 0 eng d | ||
| 020 | _a9789354658945 | ||
| 050 |
_aRB111 _b.M64 |
||
| 100 | _aMOHAN, HARSH | ||
| 245 | _aTEXTBOOK OF PATHOLOGY | ||
| 250 | _a9TH | ||
| 260 |
_aNEW-DELHI _bJAYPEE BROTHERS MEDICAL PUBLISHERS _c2023 |
||
| 300 |
_aXXIV, 969p. _bILLUSS |
||
| 650 | _aPATHOLOGY | ||
| 942 | _cBK | ||
| 999 |
_c4539 _d4539 |
||